| 000 | 00363nam a2200157Ia 4500 | ||
|---|---|---|---|
| 008 | 210210b1949 xxu||||| |||| 00| 0 eng d | ||
| 041 | _aeng | ||
| 082 | _a829/737 | ||
| 100 | _aMAUGHAM (W S) | ||
| 245 | _aRazors edge | ||
| 260 |
_aLondon _bWilliam Heinemann Ltd. _c1949 |
||
| 650 | _aRazors | ||
| 650 | _aedge | ||
| 690 | _aEnglish Fiction | ||
| 906 | _a017336 | ||
| 999 |
_c137294 _d137294 |
||